Role of self-efficacy optimism and job engagement in positive change: evidence from the Middle East (Record no. 509279)

000 -LEADER
fixed length control field 00503nam a2200169 4500
008 - FIXED-LENGTH DATA ELEMENTS--GENERAL INFORMATION
fixed length control field 190429b ||||| |||| 00| 0 eng d
100 ## - MAIN ENTRY--PERSONAL NAME
Personal name Chhajer, Raina
245 ## - TITLE STATEMENT
Title Role of self-efficacy optimism and job engagement in positive change: evidence from the Middle East
260 ## - PUBLICATION, DISTRIBUTION, ETC. (IMPRINT)
Date of publication, distribution, etc 2018
300 ## - PHYSICAL DESCRIPTION
Extent p.222-235.
650 ## - SUBJECT ADDED ENTRY--TOPICAL TERM
Topical term or geographic name as entry element Jon engagement
9 (RLIN) 4889
700 ## - ADDED ENTRY--PERSONAL NAME
Personal name Rose, Elizabeth L.
9 (RLIN) 4890
700 ## - ADDED ENTRY--PERSONAL NAME
Personal name Joseph, Thomas
9 (RLIN) 4891
773 ## - HOST ITEM ENTRY
Main entry heading Vikalpa
906 ## - LOCAL DATA ELEMENT F, LDF (RLIN)
Subject DIP Organisation
942 ## - ADDED ENTRY ELEMENTS (KOHA)
Source of classification or shelving scheme
Item type Articles

No items available.

Powered by Koha